000
00237nam a2200097Ia 4500
005
20251222114343.0
008
251222s1900||||xx |||||||||||||| ||spa||
082
_a
DVD0192/L45/2002
245
0
_a
Charla: La crónica periodÃstica:
942
_c
DVD
999
_c
924
_d
924